000 00511nam a22001817a 4500
003 NUST
005 20260203101214.0
008 260203b ||||| |||| 00| 0 eng d
020 _a978-0470857519
082 _a551.6011
100 _a Kendal McGuffie, & Ann Henderson-Sellers.
_9133038
245 _aA Climate Modelling Primer /
_c Kendal McGuffie, & Ann Henderson-Sellers.
250 _a3rd Edition
260 _aEngland:
_bWiley,
_c2005
300 _a280 p ;
563 _aPaperback
942 _2ddc
_cBK
999 _c616049
_d616049